000 00678nam a2200241Ia 4500
003 OSt
005 20220927104417.0
006 a|||||r|||| 00| 0
007 ta
008 220926b |||||||| |||| 00| 0 eng d
024 _a158867
037 _cReference Collections
040 _aRTL
_cRTL
_beng
041 _2eng
_aeng
082 _a"E.573s N55, J5"
110 _a"Norway, Central Bureu of Statistics"
_9365524
245 0 _aStatistical yearbook for 1955
_b 74 issue
260 _c1955
300 _a386p
_ccm.
700 _a"Norway, Central Bureu of Statistics"
_9365525
942 _h"E.573s N55, J5"
_cCC
999 _c687183
_d687183